Dates de La Seconde République - Statistiques

Statistiques générales
  • Ce quiz a été pris 15 fois
  • Le résultat moyen est 3 sur 15
Statistiques - réponses
Indices Dates % Correct
Chambre des députés envahies par les émeutiers 24 février 1848
87%
Proclamation de la 2e république 25 février 1848
60%
Paris se couvre de barricades 23 juin 1848
33%
Liberté de la presse et abolition de l'esclavage 4 Mars 1848
33%
Constitution votée 4 novembre 1848
27%
Ouverture des ateliers nationaux 26 février 1848
20%
Election législative avec un succès du parti de l'ordre 13 Mai 1849
13%
Loi Falloux 15 Mars 1850
13%
Réduction quotidienne de la durée du travail à 10 heures 2 mars 1848
13%
Loi électorale sur les électeurs 31 Mai 1850
13%
Suspension de la convertibilité du billet de banque 15 Mars 1848
7%
Ouverture des rangs de la garde nationale 8 mars 1848
7%
Loi sur la presse 30 Juillet 1850
0%
Etat de siège et retire le droit d'association 9 août 1849
0%
Napoléon se débarasse des ministères Octobre 1849
0%
Aucun quiz correspondant
Distribution des résultats
% des personnes avec chaque résultat
Percentile par nombre de réponses
Votre historique - résultats
Vous n’avez pas pris ce quiz